MARC

LEADER 00000nab a2200000 a 4500
001 vtls009627250
003 SK-MaSNL
005 20260303081442.0
008 090713 2009 xo e 000 0 slo
038 |a PPPK 
040 |a PPPKCL  |b slo  |c PPPK  |e AACR2 
041 0 |a slo 
044 |a xo  |c SK 
080 |a 798.2  |x (437.6)  |2 2001 
245 0 0 |a Sezónu v Tatrách otváralo aj jazdecké podujatie  |c [autor] (luci) 
611 2 7 |a Memoriál Žigmunda Bornemiszu  |d (2009 :  |c Tatranská Lomnica, Slovensko)  |2 pppkcl  |9 1084682 
650 0 7 |a jazdectvo  |2 pppkcl  |9 3225 
650 0 7 |a jazdecký šport  |2 pppkcl  |9 1043175 
650 0 7 |a jazdecké preteky  |2 pppkcl  |9 554174 
651 7 |a Tatranská Lomnica (Vysoké Tatry, Slovensko)  |2 pppkcl  |9 160914 
651 7 |a Vysoké Tatry (Slovensko : mesto)  |2 pppkcl  |9 176366 
651 7 |a Poprad (Slovensko : okres)  |2 pppkcl  |9 28675 
773 0 |t Tatranský dvojtýždenník  |g Roč. XX, č. 14 (2009), s. 13 
852 |a PPPK  |b KIS3GCP 
999 |c 1784757  |d 1786687